[Event "Tata Steel Challengers"]
[Site "Wijk aan Zee NED"]
[Date "2022.01.23"]
[Round "8.5"]
[White "Murzin, Volodar"]
[Black "Maurizzi, Marc'Andria"]
[Result "1/2-1/2"]
[WhiteTitle "IM"]
[BlackTitle "GM"]
[WhiteElo "2519"]
[BlackElo "2502"]
[WhiteFideId "44155573"]
[BlackFideId "36083534"]
[EventDate "2022.01.15"]

1. Nf3 Nf6 2. d4 e6 3. c4 a6 4. Nc3 d5 5. cxd5 exd5 6. Bg5 Be6 7. g3 Nbd7 8. Bg2
Bd6 9. O-O c6 10. Qc2 h6 11. Bf4 Qc7 12. e3 O-O 13. Nh4 Rfe8 14. Nf5 Bxf5 15.
Qxf5 g6 16. Qc2 Bxf4 17. gxf4 Nb6 18. Kh1 Qd7 19. Rg1 Kh7 20. Bf1 Ne4 21. Bd3 f5
22. Rg2 Re6 23. Ne2 Rc8 24. b4 Nc4 25. Ng1 a5 26. a3 Ra8 27. Ra2 b5 28. Nf3 Qa7
29. bxa5 Qxa5 30. Ne5 Nxa3 31. Rxa3 Qxa3 32. f3 Qc3 33. fxe4 Ra1+ 34. Rg1 Rxg1+
35. Kxg1 Qe1+ 36. Kg2 fxe4 37. Bxb5 Qxe3 38. Bxc6 Qxf4 39. Bxd5 Qg5+ 40. Kh1 Re7
41. Qc8 Re8 42. Qc6 Rxe5 43. dxe5 Qxe5 44. Bxe4 Qa1+ 45. Kg2 Qa2+ 46. Kg3 Qb3+
47. Kg2 Qa2+ 48. Bc2 Qf7 49. Kg3 Kg7 50. Bd3 Qf6 51. Qc7+ Qf7 52. Qc5 Qe6 53.
Qc7+ Qf7 54. Qe5+ Qf6 55. Qd5 Qf7 56. Qc5 Qe6 57. Kf2 Qa2+ 58. Ke3 Qe6+ 59. Kd2
Qa2+ 60. Bc2 Qe6 61. Kc3 Qf6+ 62. Kb4 Qf8 63. Qxf8+ Kxf8 64. Kc5 Kg7 65. Kd5 Kf6 1/2-1/2

[Event "Tata Steel Challengers"]
[Site "Wijk aan Zee NED"]
[Date "2022.01.25"]
[Round "9.2"]
[White "Nguyen, Thai Dai Van"]
[Black "Warmerdam, Max"]
[Result "1/2-1/2"]
[WhiteTitle "GM"]
[BlackTitle "GM"]
[WhiteElo "2613"]
[BlackElo "2607"]
[WhiteFideId "358878"]
[BlackFideId "1048104"]
[EventDate "2022.01.15"]

1. e4 c5 2. Nf3 d6 3. Bb5+ Nd7 4. d4 cxd4 5. Nxd4 Nf6 6. O-O e6 7. c4 Be7 8. Nc3
O-O 9. Bxd7 Bxd7 10. Qd3 a6 11. h3 Rc8 12. b3 Qc7 13. Bb2 Rfd8 14. Rac1 Be8 15.
f4 Qa5 16. a4 Nd7 17. Kh1 Bf6 18. Nce2 b5 19. cxb5 axb5 20. Bc3 Qa8 21. Nxb5 Nc5
22. Qe3 Bxb5 23. axb5 Qxe4 24. Qxe4 Nxe4 25. Bxf6 gxf6 26. Kg1 Rb8 27. Nd4 Rb7
28. Rc6 1/2-1/2

[Event "Tata Steel Challengers"]
[Site "Wijk aan Zee NED"]
[Date "2022.01.25"]
[Round "9.4"]
[White "Bjerre, Jonas Buhl"]
[Black "Ganguly, Surya Shekhar"]
[Result "1-0"]
[WhiteTitle "GM"]
[BlackTitle "GM"]
[WhiteElo "2586"]
[BlackElo "2627"]
[WhiteFideId "1444948"]
[BlackFideId "5002150"]
[EventDate "2022.01.15"]

1. d4 Nf6 2. c4 e6 3. Nf3 d5 4. Nc3 c5 5. e3 Nc6 6. a3 dxc4 7. Bxc4 a6 8. O-O b5
9. Ba2 Bb7 10. Qe2 cxd4 11. Rd1 b4 12. exd4 bxc3 13. d5 Nxd5 14. Rxd5 Qc7 15.
Rd3 Be7 16. Rxc3 O-O 17. Ng5 h6 18. Nxf7 Rxf7 19. Qxe6 Rf8 20. Bxh6 Bf6 21. Rc2
Kh7 22. Be3 Qd7 23. Qe4+ g6 24. Bxf7 Rxf7 25. Rd2 Nd4 26. Qf4 Qc6 27. f3 g5 28.
Qg3 Nf5 29. Qf2 Kg6 30. Rad1 Qc7 31. Rc2 Qb8 32. h3 Be5 33. Ba7 Bh2+ 34. Kh1 Qf4
35. Qb6+ Kg7 36. Qe6 Bg3 37. Rd7 Nd6 38. Bb8 Qa4 39. Bxd6 Rxd7 40. Bxg3 Rd1+ 41.
Kh2 Qxc2 42. Qe7+ Kg6 43. Qxb7 Qb1 44. Qxa6+ Kh5 45. Be1 Qxb2 46. Qe6 Qb8+ 47.
Kg1 Qa7+ 48. Kf1 Rxe1+ 49. Qxe1 Qxa3 50. Qe5 Qa6+ 51. Kg1 Kh6 52. Kh2 Qb6 53.
Kg3 Qa6 54. Kg4 Qc8+ 55. Kg3 Qa6 56. h4 gxh4+ 57. Kxh4 Qb6 58. f4 Kh7 59. f5
Qh6+ 60. Kg4 Qd2 61. Qe7+ 1-0

[Event "Tata Steel Challengers"]
[Site "Wijk aan Zee NED"]
[Date "2022.01.30"]
[Round "13.2"]
[White "Nguyen, Thai Dai Van"]
[Black "Ganguly, Surya Shekhar"]
[Result "1/2-1/2"]
[WhiteTitle "GM"]
[BlackTitle "GM"]
[WhiteElo "2613"]
[BlackElo "2627"]
[WhiteFideId "358878"]
[BlackFideId "5002150"]
[EventDate "2022.01.15"]

1. d4 Nf6 2. c4 e6 3. Nf3 d5 4. Nc3 Bb4 5. Bg5 dxc4 6. e4 h6 7. Bxf6 Qxf6 8.
Bxc4 c5 9. O-O cxd4 10. Nb5 Qe7 11. Qxd4 O-O 12. Nxa7 Bc5 13. Nxc8 Rxc8 14. Qd3
Nc6 15. Qe2 Rd8 16. Rad1 Rxd1 17. Rxd1 Rd8 1/2-1/2